Normal view
MARC view
Entry Personal Name
001 - CONTROL NUMBER
- control field: 16003
003 - CONTROL NUMBER IDENTIFIER
- control field: ARRUPE
005 - DATE AND TIME OF LATEST TRANSACTION
- control field: 20150309141406.0
008 - FIXED-LENGTH DATA ELEMENTS
- fixed length control field: 150309|| aca||aabn | a|a d
040 ## - CATALOGING SOURCE
- Original cataloging agency: ARRUPE
- Transcribing agency: ARRUPE
100 ## - HEADING--PERSONAL NAME
- Personal name: Dasenbrock, Reed Way.
670 ## - SOURCE DATA FOUND
- Source citation: Work cat.: (ARRUPE)0: Redrawing the lines :, c1989.